Statistiques concernant Devinez le Pays Mystère #3

Cliquez ici pour prendre le quiz!

Statistiques générales

  • Ce quiz a été pris 1 537 fois
  • Le résultat moyen est 11 sur 13

Statistiques - réponses

Type de RéponseRéponse% Correct
Lettre TrouvéeA
100%
Lettre TrouvéeN
98%
Lettre TrouvéeC
96%
Lettre Bien PlacéeA
84%
Lettre TrouvéeA
84%
Lettre Bien PlacéeA
83%
Lettre Bien PlacéeA
83%
Lettre Bien PlacéeN
82%
Lettre TrouvéeA
81%
Lettre TrouvéeD
81%
Lettre Bien PlacéeC
80%
Pays MystèreCanada
80%
Lettre Bien PlacéeD
80%

Distribution des résultats

Percentile par nombre de réponses

% des personnes avec chaque résultat

Votre développement - résultats

Vous n’avez pas pris ce quiz